000 00559nam a2200157 a 4500
008 161014s2014 ||||||||||||||||| || u
020 _a9780007550760
050 _aGC 771 Win
100 _aWinchester, Simon
245 1 0 _aPacific: the ocean of the future
_cby Simon Winchester
260 _aLondon
_bWilliam Collins
_c2014
300 _aix, 492p.: ill.
650 _aOCEAN
650 _aPACIFIC OCEAN
995 _FCBU-MAIN LIBRARY (Kitwe)
_M1
_UAVAILABLE
_WJan 11, 2017
_ZMain Library Open Access Collection
999 _c53063
_d53063